[Event "DEN-ch cand"]
[Site "Skorping"]
[Date "2014.04.16"]
[Round "2"]
[White "Strange, Mikkel"]
[Black "Andersen, Soren Mikkel"]
[Result "1-0"]
[WhiteElo "2355"]
[BlackElo "2099"]
[PlyCount "147"]
[EventDate "2014.04.15"]
[EventType "swiss"]
[EventRounds "7"]
[EventCountry "DEN"]
[SourceTitle "EXT 2023"]
[Source "ChessBase"]
[SourceDate "2022.10.05"]
[SourceVersion "1"]
[SourceVersionDate "2022.10.05"]
[SourceQuality "1"]

1. e4 c5 2. c3 Nf6 3. e5 Nd5 4. d4 cxd4 5. cxd4 d6 6. Bc4 Nb6 7. Bb5+ Nc6 8. Nf3 a6 9. Bxc6+ bxc6 10. 0-0 Bf5 11. Nc3 e6 12. Bg5 Be7 13. Bxe7 Qxe7 14. Qb3 Rb8 15. Na4 0-0 16. Nxb6 Qd8 17. exd6 Qxb6 18. Qxb6 Rxb6 19. b3 Rb4 20. Rfc1 Be4 21. a3 Rb6 22. Ne5 Rd8 23. Nc4 Rb5 24. Rc3 f6 25. Rac1 Rg5 26. g3 Rd5 27. Nd2 Bf5 28. Rxc6 R5xd6 29. Nf1 Be4 30. Rxd6 Rxd6 31. Rc4 Bd5 32. Rc3 Be4 33. f3 Bg6 34. Rc4 Bd3 35. Rb4 Rc6 36. Nd2 Rc2 37. Ne4 Rc1+ 38. Kf2 Rc2+ 39. Ke3 Bb5 40. h4 Re2+ 41. Kf4 h6 42. h5 Bc6 43. Rb6 Bd5 44. Nc3 Rd2 45. Nxd5 Rxd4+ 46. Ke3 Rxd5 47. Rxa6 Rxh5 48. Rxe6 Rh1 49. Rb6 Re1+ 50. Kf2 Ra1 51. a4 h5 52. Rb5 Ra3 53. a5 g5 54. b4 Kf7 55. Rb6 Ra2+ 56. Kf1 Ra1+ 57. Ke2 Ra2+ 58. Kd3 Ra3+ 59. Ke4 h4 60. gxh4 gxh4 61. Kf4 Kg6 62. Kg4 h3 63. Kxh3 Rxf3+ 64. Kg4 Rf1 65. a6 Ra1 66. Kf4 Ra4 67. Kg4 Ra1 68. b5 Ra4+ 69. Kf3 Kf5 70. Ke3 Ke5 71. Rb7 Ra3+ 72. Kd2 Kd4 73. a7 Ra2+ 74. Ke1 1-0

[Event "DEN-ch cand"]
[Site "Skorping"]
[Date "2014.04.15"]
[Round "1"]
[White "Haubro, Martin"]
[Black "Strange, Mikkel"]
[Result "0-1"]
[WhiteElo "2159"]
[BlackElo "2355"]
[PlyCount "64"]
[EventDate "2014.04.15"]
[EventType "swiss"]
[EventRounds "7"]
[EventCountry "DEN"]
[SourceTitle "EXT 2023"]
[Source "ChessBase"]
[SourceDate "2022.10.05"]
[SourceVersion "1"]
[SourceVersionDate "2022.10.05"]
[SourceQuality "1"]

1. d4 d5 2. c4 e6 3. Nc3 c5 4. cxd5 exd5 5. Nf3 Nc6 6. g3 Nf6 7. Bg2 Be7 8. 0-0 0-0 9. dxc5 Bxc5 10. a3 Ne4 11. Qxd5 Nxc3 12. Qxc5 Nxe2+ 13. Kh1 Nxc1 14. Raxc1 Re8 15. b4 h6 16. b5 Na5 17. Rfd1 Qf6 18. Qb4 b6 19. Qd4 Qe7 20. Qf4 Be6 21. Nd4 Rad8 22. Nxe6 Qxe6 23. Bf3 Nb3 24. Rb1 Nc5 25. Bc6 Nd3 26. Rxd3 Rxd3 27. Bxe8 Qxe8 28. a4 Qd7 29. Qc4 Rd4 30. Qb3 Qf5 31. Rb2 Rd3 32. Qc2 Qf3+ 0-1

[Event "Koge Niels Juel Cup"]
[Site "Koge"]
[Date "2013.04.26"]
[Round "8"]
[White "Strange, Mikkel"]
[Black "Solodovnichenko, Yuri"]
[Result "0-1"]
[WhiteElo "2335"]
[BlackElo "2543"]
[PlyCount "112"]
[EventDate "2013.04.20"]
[EventType "swiss"]
[EventRounds "10"]
[EventCountry "DEN"]
[SourceTitle "CBM 154 Extra"]
[Source "ChessBase"]
[SourceDate "2013.06.25"]
[SourceVersion "2"]
[SourceVersionDate "2013.06.25"]
[SourceQuality "1"]

1. e4 c5 2. c3 Nf6 3. e5 Nd5 4. d4 cxd4 5. Nf3 Nc6 6. Bc4 e6 7. cxd4 d6 8. 0-0 Be7 9. a3 0-0 10. Qe2 Bd7 11. Rd1 Na5 12. Bxd5 exd5 13. b4 Nb3 14. Ra2 dxe5 15. dxe5 Nxc1 16. Rxc1 a5 17. bxa5 Qxa5 18. Nd4 Rfe8 19. Nd2 Qb6 20. Qd3 Ra4 21. N2f3 Rea8 22. Rb1 Qc7 23. Rc2 Rc4 24. Rxc4 dxc4 25. Qe4 Bc6 26. Nxc6 Qxc6 27. Qxc6 bxc6 28. Kf1 c3 29. Rb3 Rxa3 30. Rxa3 Bxa3 31. Nd4 Bc5 32. Nc2 Kf8 33. Ke2 Ke7 34. f4 Ke6 35. h3 h5 36. g4 hxg4 37. hxg4 g5 38. Kf3 Kd5 39. Ne1 Bd4 40. Nc2 c5 41. fxg5 Kxe5 42. Na3 Kd5 43. Kf4 Bg7 44. Kf5 Kd4 45. g6 fxg6+ 46. Kxg6 Bh8 47. Kf7 Kd3 48. Ke6 c4 49. Kd5 Bf6 50. Ke6 Bg5 51. Kd5 Be7 52. Nxc4 c2 53. Ne5+ Ke2 54. Nc6 Bf6 55. g5 Bg7 56. Nd4+ Bxd4 0-1

[Event "Koge Niels Juel Cup"]
[Site "Koge"]
[Date "2013.04.25"]
[Round "7"]
[White "Strange, Mikkel"]
[Black "Narciso Dublan, Marc"]
[Result "1/2-1/2"]
[WhiteElo "2335"]
[BlackElo "2551"]
[PlyCount "118"]
[EventDate "2013.04.20"]
[EventType "swiss"]
[EventRounds "10"]
[EventCountry "DEN"]
[SourceTitle "CBM 154 Extra"]
[Source "ChessBase"]
[SourceDate "2013.06.25"]
[SourceVersion "2"]
[SourceVersionDate "2013.06.25"]
[SourceQuality "1"]

1. e4 e5 2. Nf3 Nc6 3. Nc3 Nf6 4. d4 exd4 5. Nxd4 Bb4 6. Nxc6 bxc6 7. Bd3 d5 8. exd5 cxd5 9. 0-0 0-0 10. Bg5 c6 11. Qf3 Be7 12. h3 h6 13. Bf4 Nd7 14. Na4 Bf6 15. c4 Ne5 16. Bxe5 Bxe5 17. Rac1 Be6 18. b3 Qd6 19. cxd5 cxd5 20. Nc5 Bd4 21. b4 Rab8 22. Nxe6 fxe6 23. Qg4 e5 24. b5 Rb6 25. a4 e4 26. a5 Rb7 27. Rc6 Qe5 28. Rc8 Rbf7 29. Rxf8+ Rxf8 30. Be2 Kh7 31. b6 axb6 32. a6 Rf7 33. Bb5 Bc5 34. Bd7 b5 35. Qe6 Qxe6 36. Bxe6 Rf6 37. Bxd5 e3 38. Rc1 Bb6 39. Bf3 exf2+ 40. Kf1 g5 41. Be2 Rf7 42. Rc6 Ba7 43. Bd3+ Kg7 44. Rg6+ Kf8 45. Rxh6 b4 46. Rh8+ Ke7 47. Bc4 Rg7 48. Rh6 Kd7 49. Rf6 Re7 50. Rf7 Rxf7 51. Bxf7 Kc6 52. g3 Kb5 53. h4 gxh4 54. gxh4 Kxa6 55. h5 Kb5 56. h6 Ka4 57. h7 Bd4 58. h8Q Bxh8 59. Kxf2 b3 1/2-1/2

[Event "Koge Niels Juel Cup"]
[Site "Koge"]
[Date "2013.04.23"]
[Round "5"]
[White "Strange, Mikkel"]
[Black "Pavlovic, Milos"]
[Result "1-0"]
[WhiteElo "2335"]
[BlackElo "2509"]
[PlyCount "119"]
[EventDate "2013.04.20"]
[EventType "swiss"]
[EventRounds "10"]
[EventCountry "DEN"]
[SourceTitle "CBM 154 Extra"]
[Source "ChessBase"]
[SourceDate "2013.06.25"]
[SourceVersion "2"]
[SourceVersionDate "2013.06.25"]
[SourceQuality "1"]

1. e4 c5 2. c3 e6 3. d4 d5 4. e5 Nc6 5. Nf3 Bd7 6. a3 Nh6 7. b4 cxd4 8. cxd4 Nf5 9. Bb2 b5 10. Bd3 a5 11. Bxf5 exf5 12. 0-0 axb4 13. Qb3 Be7 14. axb4 Rxa1 15. Bxa1 Nxb4 16. Bc3 Na6 17. Qxd5 b4 18. Bb2 0-0 19. Qa2 Bb5 20. Rc1 Qb6 21. Nbd2 Qb7 22. e6 Bc6 23. exf7+ Kh8 24. Qe6 Bd5 25. Qxf5 Bxf7 26. Ne5 Bd5 27. Qh3 Kg8 28. Nf1 Nc7 29. Ne3 Ne6 30. Nxd5 Qxd5 31. Qd3 Nf4 32. Qc4 Qxc4 33. Rxc4 Ra8 34. Nc6 Bd6 35. Nxb4 Ra4 36. g3 Ne2+ 37. Kf1 Nxg3+ 38. fxg3 Rxb4 39. Rxb4 Bxb4 40. Ke2 h5 41. Kf3 Kf7 42. h3 Bd6 43. d5 g6 44. g4 hxg4+ 45. hxg4 Ke7 46. Ke4 Bb4 47. Be5 Kd7 48. Kd4 Ba3 49. Kc4 Be7 50. Bd4 Ba3 51. Bc5 Bb2 52. Kd3 Bc1 53. Ke4 Bh6 54. Bb4 Bg7 55. Bd2 Bf8 56. Bc3 Bh6 57. Bd4 Bf8 58. Bh8 Ba3 59. Bg7 Bc1 60. Bd4 1-0

[Event "Koge Niels Juel Cup"]
[Site "Koge"]
[Date "2013.04.21"]
[Round "2"]
[White "Burmakin, Vladimir"]
[Black "Strange, Mikkel"]
[Result "1-0"]
[WhiteElo "2580"]
[BlackElo "2335"]
[PlyCount "57"]
[EventDate "2013.04.20"]
[EventType "swiss"]
[EventRounds "10"]
[EventCountry "DEN"]
[SourceTitle "CBM 154 Extra"]
[Source "ChessBase"]
[SourceDate "2013.06.25"]
[SourceVersion "2"]
[SourceVersionDate "2013.06.25"]
[SourceQuality "1"]

1. d4 d5 2. Nf3 e6 3. g3 c5 4. Bg2 Nc6 5. 0-0 Nf6 6. c4 Be7 7. cxd5 exd5 8. Nc3 0-0 9. Bg5 c4 10. Ne5 Be6 11. e3 h6 12. Bxf6 Bxf6 13. f4 Bxe5 14. fxe5 Ne7 15. Qe2 Qd7 16. Rad1 b5 17. e4 Rad8 18. exd5 Bxd5 19. Bxd5 Nxd5 20. Ne4 Rfe8 21. Qf3 Nc7 22. Nd6 Rf8 23. Nf5 f6 24. d5 fxe5 25. d6 Ne6 26. Ne7+ Kh8 27. Ng6+ Kg8 28. Nxf8 Rxf8 29. Qd5 1-0

[Event "Hillerod NSU op-A"]
[Site "Hillerod"]
[Date "2013.01.05"]
[Round "3"]
[White "Percivaldi, Martin"]
[Black "Strange, Mikkel"]
[Result "1/2-1/2"]
[WhiteElo "2066"]
[BlackElo "2332"]
[PlyCount "60"]
[EventDate "2013.01.04"]
[EventType "swiss"]
[EventRounds "5"]
[EventCountry "DEN"]
[SourceTitle "EXT 2018"]
[Source "ChessBase"]
[SourceDate "2017.10.13"]
[SourceVersion "1"]
[SourceVersionDate "2017.10.13"]
[SourceQuality "1"]

1. d4 e6 2. c4 d5 3. Nc3 c5 4. e3 Nf6 5. Nf3 a6 6. a3 dxc4 7. dxc5 Qxd1+ 8. Kxd1 Bxc5 9. Bxc4 b5 10. Bd3 Bb7 11. Ke2 Nbd7 12. b4 Ba7 13. a4 bxa4 14. Rxa4 Bb6 15. Bd2 e5 16. Bc2 h6 17. Rha1 Ke7 18. Nh4 g6 19. Bd3 Rhc8 20. Bxa6 Rxa6 21. Rxa6 Bxa6+ 22. Rxa6 Rc4 23. Nf3 e4 24. Ne5 Nxe5 25. Rxb6 Ned7 26. Rb7 Kd6 27. b5 Rb4 28. h3 Rb2 29. Na4 Ra2 30. Nc3 Rb2 1/2-1/2

[Event "Copenhagen Bronshoj op"]
[Site "Copenhagen"]
[Date "2012.02.13"]
[Round "6"]
[White "Palm, Nikolaj"]
[Black "Strange, Mikkel"]
[Result "1-0"]
[WhiteElo "2253"]
[BlackElo "2322"]
[PlyCount "49"]
[EventDate "2012.02.10"]
[EventType "swiss"]
[EventRounds "7"]
[EventCountry "DEN"]
[SourceTitle "EXT 2015"]
[Source "ChessBase"]
[SourceDate "2014.11.20"]
[SourceVersion "1"]
[SourceVersionDate "2014.11.20"]
[SourceQuality "1"]

1. d4 f5 2. Nf3 Nf6 3. c4 e6 4. Nc3 c6 5. Qc2 d5 6. Bg5 Be7 7. e3 a6 8. Bd3 b5 9. b3 Nbd7 10. 0-0 h6 11. Bf4 Ng4 12. cxd5 cxd5 13. Nxd5 Kf7 14. Nc7 g5 15. Bg3 f4 16. exf4 Bb7 17. Bg6+ Kg8 18. Nxe6 Qb6 19. Qf5 Ngf6 20. fxg5 Be4 21. gxf6 Nxf6 22. Qe5 Bxg6 23. Nf4 Bd6 24. Qxf6 Bxf4 25. Qxb6 1-0

[Event "Copenhagen Bronshoj op"]
[Site "Copenhagen"]
[Date "2012.02.13"]
[Round "7"]
[White "Strange, Mikkel"]
[Black "Eriksson, Christian Altenburg"]
[Result "1-0"]
[WhiteElo "2322"]
[BlackElo "2151"]
[PlyCount "171"]
[EventDate "2012.02.10"]
[EventType "swiss"]
[EventRounds "7"]
[EventCountry "DEN"]
[SourceTitle "EXT 2015"]
[Source "ChessBase"]
[SourceDate "2014.11.20"]
[SourceVersion "1"]
[SourceVersionDate "2014.11.20"]
[SourceQuality "1"]

1. e4 c5 2. c3 Nf6 3. e5 Nd5 4. d4 cxd4 5. cxd4 d6 6. Bc4 dxe5 7. dxe5 e6 8. Nf3 Nc6 9. 0-0 Be7 10. Qe2 Nb6 11. Bd3 Bd7 12. Rd1 Nb4 13. Be4 N4d5 14. Bd2 Bc6 15. Nd4 Rc8 16. Nxc6 bxc6 17. Qg4 g6 18. Bh6 Qc7 19. Qg3 Nd7 20. Nd2 f5 21. exf6 Qxg3 22. hxg3 N7xf6 23. Bf3 Nd7 24. Rac1 Bf6 25. Ne4 Be7 26. a3 Kf7 27. Rc2 Ne5 28. Be2 c5 29. Bf4 Nc6 30. Ba6 Rcd8 31. Ng5+ Kf6 32. Bc1 Nd4 33. Rcd2 Nb3 34. Ne4+ Kf7 35. Rd3 Nxc1 36. Rxc1 Rb8 37. b3 Rhd8 38. Re1 Rb6 39. Bc4 Kg7 40. Red1 Kf7 41. R1d2 Rbb8 42. Re2 h6 43. Kf1 Nb6 44. Rf3+ Kg7 45. Bxe6 Rd1+ 46. Re1 Rxe1+ 47. Kxe1 Rf8 48. Rd3 Re8 49. f3 Bf8 50. Bc4 Rb8 51. Ba6 Kf7 52. Kd2 Ke6 53. Kc2 Be7 54. Re3 Kf7 55. Rc3 Nd7 56. Bc4+ Kf8 57. Be6 Nf6 58. Nxc5 Rb6 59. Bh3 a5 60. a4 Kf7 61. Nd3 Nd5 62. Ne5+ Kg7 63. Rc8 Nb4+ 64. Kd2 Rd6+ 65. Ke2 h5 66. Rc7 Kf8 67. Ra7 Bd8 68. Rf7+ Kg8 69. Rb7 Nc6 70. Nc4 Rf6 71. Kd3 Nb4+ 72. Ke4 Na6 73. Ra7 Nc5+ 74. Kd5 Nxb3 75. Rb7 Nc1 76. Rb8 Rf8 77. Ne5 Kg7 78. Rb7+ Kh6 79. Nf7+ Kg7 80. Nxd8+ Kf6 81. Rb6+ Ke7 82. Nc6+ Kf7 83. Ne5+ Kg7 84. Rb7+ Kh6 85. Nf7+ Kg7 86. Ng5+ 1-0

[Event "Copenhagen Bronshoj op"]
[Site "Copenhagen"]
[Date "2012.02.12"]
[Round "4"]
[White "Mikkelsen, Nikolaj"]
[Black "Strange, Mikkel"]
[Result "1-0"]
[WhiteElo "2397"]
[BlackElo "2322"]
[PlyCount "45"]
[EventDate "2012.02.10"]
[EventType "swiss"]
[EventRounds "7"]
[EventCountry "DEN"]
[SourceTitle "EXT 2015"]
[Source "ChessBase"]
[SourceDate "2014.11.20"]
[SourceVersion "1"]
[SourceVersionDate "2014.11.20"]
[SourceQuality "1"]

1. e4 e6 2. d4 d5 3. Nc3 Bb4 4. Nge2 dxe4 5. a3 Be7 6. g4 e5 7. h3 h5 8. Rg1 hxg4 9. hxg4 Rh4 10. g5 Bg4 11. Nxe4 Nc6 12. Rxg4 Rxg4 13. N2g3 Rh4 14. d5 Nd4 15. c3 Qxd5 16. Bg2 0-0-0 17. cxd4 f5 18. Nd6+ Qxd6 19. Nxf5 Qa6 20. Nxh4 Bb4+ 21. Bd2 Bxd2+ 22. Qxd2 Rxd4 23. Qc2 1-0

[Event "Copenhagen Bronshoj op"]
[Site "Copenhagen"]
[Date "2012.02.12"]
[Round "5"]
[White "Strange, Mikkel"]
[Black "Stojanovski, Sandi"]
[Result "1/2-1/2"]
[WhiteElo "2322"]
[BlackElo "2232"]
[PlyCount "91"]
[EventDate "2012.02.10"]
[EventType "swiss"]
[EventRounds "7"]
[EventCountry "DEN"]
[SourceTitle "EXT 2015"]
[Source "ChessBase"]
[SourceDate "2014.11.20"]
[SourceVersion "1"]
[SourceVersionDate "2014.11.20"]
[SourceQuality "1"]

1. e4 c5 2. c3 d5 3. exd5 Qxd5 4. d4 e6 5. Nf3 Nf6 6. Na3 Qd8 7. Bb5+ Bd7 8. Qa4 cxd4 9. Nxd4 Be7 10. Bf4 0-0 11. 0-0 Na6 12. Rfd1 Nc5 13. Qc2 Nd5 14. Bg3 Bxb5 15. Ndxb5 Qb6 16. b4 Nd7 17. Nc7 Nxc7 18. Rxd7 Nd5 19. Rd1 Rfe8 20. Nc4 Qc6 21. Ne5 Qxc3 22. Qxc3 Nxc3 23. R1d3 Nxa2 24. Rxb7 Nxb4 25. Rdd7 Nd5 26. h4 Rac8 27. Rxa7 f6 28. Nf3 Rcd8 29. Nd4 Rxd7 30. Rxd7 Kf7 31. Nc6 Rc8 32. Nxe7 Nxe7 33. Bd6 Re8 34. f4 h5 35. Kf2 g6 36. Kf3 e5 37. fxe5 fxe5 38. Ke4 Ke6 39. Rxe7+ Rxe7 40. Bxe7 Kxe7 41. Kxe5 Kf7 42. Ke4 Ke6 43. Kf4 Kf6 44. g3 g5+ 45. hxg5+ Kg6 46. Ke3 1/2-1/2

[Event "Copenhagen Bronshoj op"]
[Site "Copenhagen"]
[Date "2012.02.11"]
[Round "2"]
[White "Strange, Mikkel"]
[Black "Petersen, Steen"]
[Result "1-0"]
[WhiteElo "2322"]
[BlackElo "2154"]
[PlyCount "50"]
[EventDate "2012.02.10"]
[EventType "swiss"]
[EventRounds "7"]
[EventCountry "DEN"]
[SourceTitle "EXT 2015"]
[Source "ChessBase"]
[SourceDate "2014.11.20"]
[SourceVersion "1"]
[SourceVersionDate "2014.11.20"]
[SourceQuality "1"]

1. e4 c5 2. c3 g6 3. Nf3 Bg7 4. d4 cxd4 5. cxd4 d5 6. e5 Nc6 7. Nc3 f6 8. Bb5 a6 9. Bxc6+ bxc6 10. 0-0 Bg4 11. Re1 Bxf3 12. Qxf3 f5 13. Na4 e6 14. Bd2 h5 15. Rac1 Kf7 16. Rc2 Rc8 17. Rec1 Qh4 18. Qf4 Qe7 19. Qg3 h4 20. Qd3 Qb7 21. Nc5 Qb5 22. Qxb5 cxb5 23. Nxe6 Rxc2 24. Ng5+ Ke8 25. Rxc2 Ne7 1-0

[Event "Borup op 5th"]
[Site "Borup"]
[Date "2010.09.12"]
[Round "9"]
[White "Strange, Mikkel"]
[Black "Schandorff, Lars"]
[Result "1/2-1/2"]
[WhiteElo "2305"]
[BlackElo "2492"]
[PlyCount "139"]
[EventDate "2010.09.03"]
[EventType "swiss"]
[EventRounds "9"]
[EventCountry "DEN"]
[SourceTitle "CBM 138 Extra"]
[Source "ChessBase"]
[SourceDate "2010.10.29"]
[SourceVersion "1"]
[SourceVersionDate "2010.10.29"]
[SourceQuality "1"]

1. e4 c6 2. d4 d5 3. Nc3 dxe4 4. Nxe4 Bf5 5. Ng3 Bg6 6. h4 h6 7. Nf3 Nd7 8. Bd3 Bxd3 9. Qxd3 Ngf6 10. Bd2 e6 11. 0-0-0 Be7 12. Ne4 Nxe4 13. Qxe4 Nf6 14. Qd3 Ng4 15. Qe2 Qc7 16. Ne1 Nf6 17. Nd3 0-0-0 18. Bf4 Qa5 19. Qe5 Qxe5 20. Nxe5 Bd6 21. Nd3 Bxf4+ 22. Nxf4 Ne4 23. Nh3 g5 24. Rhe1 Nd6 25. hxg5 hxg5 26. Nxg5 Rdg8 27. f4 Rh2 28. Rd2 Kd7 29. g3 Rh6 30. c3 b6 31. Kc2 Rg7 32. Rg2 Rh8 33. b3 Nf5 34. g4 Ne7 35. c4 Ng6 36. Rf2 Nf8 37. Nf3 Kd6 38. g5 Ng6 39. Ne5 Rh4 40. Nxg6 Rxg6 41. Re5 Rg4 42. Kc3 f6 43. gxf6 Rxf6 44. c5+ Kc7 45. f5 Rxf5 46. Rfxf5 exf5 47. Rxf5 Rg7 48. a4 bxc5 49. dxc5 a5 50. Kd4 Rh7 51. Rf6 Rh2 52. Kc4 Rh7 53. Re6 Rh4+ 54. Kd3 Rh3+ 55. Re3 Rh7 56. Rf3 Rd7+ 57. Ke4 Re7+ 58. Kd4 Rd7+ 59. Kc4 Rh7 60. Rf4 Rg7 61. Kd4 Rd7+ 62. Ke4 Re7+ 63. Kf5 Re3 64. Re4 Rf3+ 65. Kg5 Rxb3 66. Re7+ Kd8 67. Ra7 Rc3 68. Rxa5 Kc7 69. Kf5 Kb7 70. Ke5 1/2-1/2